| 000 | 00368nam a2200133Ia 4500 | ||
|---|---|---|---|
| 008 | 240624s9999 xx 000 0 und d | ||
| 041 | _aeng | ||
| 082 | _a332.6 NIC | ||
| 100 | _aTALEB NASSIM NICHOLAS | ||
| 245 | _aFOOLED BY RANDOMNESS THE HIDDEN ROLE OF | ||
| 260 |
_c2007 _aNew Delhi _bPenguin Group (UK) |
||
| 300 | _axxiii, : 316 : p. : cm. ; 25 | ||
| 365 |
_cRS _b25 |
||
| 999 |
_c11901 _d11901 |
||